000
00216nam a22000857a 4500
008
170527b xxu||||| |||| 00| 0 eng d
100
_9
3162
_a
CBSE
245
_a
Communication English-S.P.
260
_a
New Delhi
_b
G.B.P.
_c
2010
999
_c
6461
_d
6461